• 首页
  • 本馆介绍
  • 公告通知
  • 最新文献
  • 馆藏检索
  • 电子资源
  • 读者导购
  • 参考咨询
  • 我的图书馆
  • 登录
  • 详细信息显示
  • 放入我的书架
  • 预约/预借图书
  • 作者相关作品
  • 分类相关作品
  • 丛书相关作品
  • 出版社相关作品

书目信息

  • 表格格式
  • 工作单格式
  • 卡片格式
题名:
时尚,就是我
    
 
作者: 兹尔可夫斯基 著 ;张育如 译
分册:  
出版信息: 上海   上海远东出版社  2007
页数: 182页
开本: 24cm
丛书名:
单 册:
中图分类: K835.165.7
科图分类:
主题词:
电子资源:
ISBN: 978-7-80706-367-4
000 01171nam0 2200289 450
001 1261977000
005 20121012171431.20
010    @a978-7-80706-367-4@dCNY26.00
100    @a20070104d2007 em y0chiy50 ea
101 1  @achi@cger
102    @aCN@b310000
105    @ay z 000yb
200 1  @a时尚,就是我@Ashi shang , jiu shi wo@e可可·香奈儿传@f(德)卡塔琳娜·兹尔可夫斯基著@g张育如译
210    @a上海@c上海远东出版社@d2007
215    @a182页@d24cm
305    @a由Ullstein Buchverlage GmbH授权出版
312    @a封底英文题名:Le style c'est moi! Coco Chanel
330    @a本书介绍了20世纪最伟大的女性设计师香奈尔的传奇一生,包括“童年”、“省城的豆蔻年华”、“初试啼声”、“生死之爱”、“威尼斯之旅”等十一章。
510 1  @aLe style c'est moi! Coco Chanel@zger
517 1  @a可可·香奈儿传@Ake ke·xiang nai er zhuan
600  0 @a夏内尔@c(女,Chanel, Gabrielle@f1883~1971)@x传记
600  0 @a夏内尔@c(女,Chanel, Gabrielle@f1883~1971)
690    @aK835.165.7@v4
701  0 @c(德)@a兹尔可夫斯基@Azi er ke fu si ji@c(Zilkowski, Katharina)@4著
702  0 @a张育如@Azhang yu ru@4译
801  0 @aCN@bNLC@c20101222
905    @a10447@dK835.165.7@eJY92
    
    时尚,就是我:可可·香奈儿传/(德)卡塔琳娜·兹尔可夫斯基著/张育如译.-上海:上海远东出版社,2007
    182页;24cm
    
    
    ISBN 978-7-80706-367-4:CNY26.00
    本书介绍了20世纪最伟大的女性设计师香奈尔的传奇一生,包括“童年”、“省城的豆蔻年华”、“初试啼声”、“生死之爱”、“威尼斯之旅”等十一章。
●
相关链接 在E读中查询图书 在五车中查询图书 在当当中查询图书 在豆瓣中查询图书


正题名:时尚,就是我     索取号:K835.165.7/JY92         预约/预借

序号 登录号 条形码 馆藏地/架位号 状态 备注
1 7826625   278266252   学院路分馆/ [索取号:K835.165.7/JY92] 在馆    
唐山师范学院图书馆 欢迎您!
大连网信软件有限公司© 版权所有